A Hittite chrestomathy / (Record no. 52398)
[ view plain ]
| 000 -LEADER | |
|---|---|
| fixed length control field | 00600nam a22002057a 4500 |
| 005 - DATE AND TIME OF LATEST TRANSACTION | |
| control field | 20240411134319.0 |
| 008 - FIXED-LENGTH DATA ELEMENTS--GENERAL INFORMATION | |
| fixed length control field | 240411b ||||| |||| 00| 0 eng d |
| 040 ## - CATALOGING SOURCE | |
| Original cataloging agency | BSOP |
| 050 ## - LIBRARY OF CONGRESS CALL NUMBER | |
| Classification number | P945 |
| Item number | St9 1935 |
| 100 ## - MAIN ENTRY--PERSONAL NAME | |
| Personal name | Sturtevant, Edgar H. |
| 245 ## - TITLE STATEMENT | |
| Title | A Hittite chrestomathy / |
| Statement of responsibility, etc | Edgar H. Sturtevant. |
| 260 ## - PUBLICATION, DISTRIBUTION, ETC. (IMPRINT) | |
| Place of publication, distribution, etc | Philadelphia : |
| Name of publisher, distributor, etc | University of Pennsylvania, |
| Date of publication, distribution, etc | c1935. |
| 300 ## - PHYSICAL DESCRIPTION | |
| Extent | 230p. ; |
| Dimensions | 25cm. |
| 440 ## - SERIES STATEMENT/ADDED ENTRY--TITLE | |
| Title | William Dwight Whitney Linguistic Series |
| 650 ## - SUBJECT ADDED ENTRY--TOPICAL TERM | |
| Topical term or geographic name as entry element | Hittitte language -- Texts |
| 650 ## - SUBJECT ADDED ENTRY--TOPICAL TERM | |
| Topical term or geographic name as entry element | Texts |
| 650 ## - SUBJECT ADDED ENTRY--TOPICAL TERM | |
| Topical term or geographic name as entry element | Hittite language |
| 700 ## - ADDED ENTRY--PERSONAL NAME | |
| Personal name | Bechtel, George |
| 942 ## - ADDED ENTRY ELEMENTS (KOHA) | |
| Source of classification or shelving scheme | Library of Congress Classification |
| Item type | Books |
| Withdrawn status | Lost status | Source of classification or shelving scheme | Damaged status | Not for loan | Home library | Current library | Shelving location | Date acquired | Source of acquisition | Inventory number | Total Checkouts | Full call number | Barcode | Date last seen | Price effective from | Koha item type |
|---|---|---|---|---|---|---|---|---|---|---|---|---|---|---|---|---|
| Library of Congress Classification | BSOP Library | BSOP Library | David Weisberg Collection | 04/11/2024 | Donated by Dr. David and Oprah Weisberg | 47785 | P945 St9 1935 | 00060119 | 04/11/2024 | 04/11/2024 | Books |
